000 00369nam a2200133Ia 4500
008 240624s9999 xx 000 0 und d
041 _aeng
082 _a330.015195 FLO
100 _aFLORENS JEAN PIERRE
245 _aECONOMETRIC MODELING AND INFERENCE
260 _c2007
_aNew York
_bCambridge University Press
300 _axxi, : 496 : p. : cm. ; 23
365 _c
_b28
999 _c21332
_d21332